Litera, która jest także cyfrą rzymską. - Statystyki

Ogólne statystyki
  • Ten quiz został rozwiązany 102 razy
  • Średni wynik to 7 z 7
Statystyki odpowiedzi
L.p. Odpowiedź % Poprawnych
1. L
99%
6. M
99%
3. C
98%
5. I
98%
7. X
98%
4. V
96%
2. D
94%
Nie znaleziono quizów pasujących do podanych kryteriów
Rozkład punktacji
Procent ludzi z każdym wynikiem
Percentyl według liczby udzielonych odpowiedzi
Twoja historia wyników
Nie rozwiązałeś tego quizu